|
|
|
|
| LEADER |
01644nam a22003852aa4500 |
| 001 |
000192953 |
| 003 |
CZ BrMZK |
| 005 |
20090112150449.0 |
| 007 |
ta |
| 008 |
010907s1986 xr f cze d |
| 015 |
|
|
|a cnb000018709
|
| 035 |
|
|
|a (OCoLC)39420010
|
| 040 |
|
|
|a BOA001
|b cze
|
| 080 |
9 |
|
|a 885.0-82"18"(075.8)
|
| 080 |
9 |
|
|a 378.4
|
| 100 |
1 |
|
|a Rzounek, Vítězslav,
|d 1921-2001
|7 jk01103438
|4 aut
|
| 245 |
1 |
0 |
|a Antologie české literatury 19. století /
|c Vítězslav Rzounek, Jiří Hošna, Eva Štědroňová
|
| 250 |
|
|
|a 1. vyd.
|
| 260 |
|
|
|a Praha :
|b Státní pedagogické nakladatelství,
|c 1986
|
| 300 |
|
|
|a 2 sv.
|
| 505 |
0 |
|
|a sv. 1. 188 s. -- Sv. 2. 227 s.
|
| 550 |
|
|
|a Vydavatel: Univerzita Karlova v Praze, Filozofická fakulta
|
| 700 |
1 |
|
|a Štědroňová, Eva,
|d 1946-
|7 mzk2007394885
|4 aut
|
| 700 |
1 |
|
|a Hošna, Jiří,
|d 1950-
|7 kpwa6238
|4 aut
|
| 710 |
2 |
|
|a Univerzita Karlova.
|b Filozofická fakulta
|7 kn20010710340
|
| 910 |
|
|
|a BOA001
|b PK-N-0025.478
|s 1-2
|b 4-0905.767
|s 1-2
|
| 920 |
|
|
|a 000243403
|
| 920 |
|
|
|a 000187837
|
| 920 |
|
|
|a 000243504
|
| 964 |
|
|
|a Literatura česká - čítanky - stol. 19. - školy vysoké
|
| 990 |
|
|
|a BK
|
| 996 |
6 |
|
|b 2619872842
|c 4-0905.767
|d Sv. 1.
|v 1
|l MZK
|r Sklad / do 1 hodiny
|n 11
|w 000192953
|u 000020
|a 1
|e BOA001
|j MZK50
|s P
|
| 996 |
6 |
|
|b 2619872860
|c 4-0905.767
|d Sv. 2.
|v 2
|l MZK
|r Sklad / do 1 hodiny
|n 10
|w 000192953
|u 000040
|a 1
|e BOA001
|j MZK50
|s P
|
| 996 |
7 |
|
|b 3119946144
|c PK-N-0025.478
|d Sv. 2.
|v 2
|l MZK
|r Sklad / do 1 hodiny
|n 10
|w 000192953
|u 000030
|a 1
|e BOA001
|j MZK50
|s A
|
| 996 |
7 |
|
|b 3119948636
|c PK-N-0025.478
|d Sv. 1.
|v 1
|l MZK
|r Sklad / do 1 hodiny
|n 10
|w 000192953
|u 000010
|a 1
|e BOA001
|j MZK50
|s A
|